|
|
|
|
| LEADER |
01534nam a2200325Ia 4500 |
| 001 |
EBC3564214 |
| 003 |
MiAaPQ |
| 005 |
20200520144314.0 |
| 006 |
m o d | |
| 007 |
cr cn||||||||| |
| 008 |
110314s2011 dcua sb 000 0 eng d |
| 020 |
|
|
|z 9780309163453
|
| 035 |
|
|
|a (MiAaPQ)EBC3564214
|
| 035 |
|
|
|a (Au-PeEL)EBL3564214
|
| 035 |
|
|
|a (CaPaEBR)ebr10478222
|
| 035 |
|
|
|a (CaONFJC)MIL313500
|
| 035 |
|
|
|a (OCoLC)740957126
|
| 040 |
|
|
|a MiAaPQ
|c MiAaPQ
|d MiAaPQ
|
| 050 |
|
4 |
|a HC103
|b .A77 2011
|
| 245 |
0 |
0 |
|a Assessment of approaches for using process safety metrics at the Blue Grass and Pueblo chemical agent destruction pilot plants
|h [electronic resource] /
|c Committee to Assess Process Safety Metrics for the Blue Grass and Pueblo Chemical Agent Destruction Pilot Plants.
|
| 260 |
|
|
|a Washington, DC :
|b National Academies Press,
|c 2011.
|
| 300 |
|
|
|a xvi, 44 p. :
|b ill.
|
| 504 |
|
|
|a Includes bibliographical references.
|
| 533 |
|
|
|a Electronic reproduction. Ann Arbor, MI : ProQuest, 2016. Available via World Wide Web. Access may be limited to ProQuest affiliated libraries.
|
| 650 |
|
0 |
|a Hazardous wastes
|x Government policy.
|
| 650 |
|
0 |
|a Factory and trade waste
|x Government policy.
|
| 655 |
|
4 |
|a Electronic books.
|
| 710 |
2 |
|
|a National Research Council (U.S.).
|b Committee to Assess Process Safety Metrics for the Blue Grass and Pueblo Chemical Agent Destruction Pilot Plants.
|
| 710 |
2 |
|
|a ProQuest (Firm)
|
| 856 |
4 |
0 |
|u https://ebookcentral.proquest.com/lib/matrademy/detail.action?docID=3564214
|z Click to View
|